• 首页
  • 本馆介绍
  • 公告通知
  • 最新文献
  • 馆藏检索
  • 电子资源
  • 读者导购
  • 参考咨询
  • 我的图书馆
  • 登录
  • 详细信息显示
  • 放入我的书架
  • 预约/预借图书
  • 作者相关作品
  • 分类相关作品
  • 丛书相关作品
  • 出版社相关作品

书目信息

  • 表格格式
  • 工作单格式
  • 卡片格式
题名:
影视艺术史
    
 
作者: 周星 , 王宜文 著
分册:  
出版信息: 桂林   广西师范大学出版社  2005
页数: 324页
开本: 22cm
丛书名: 艺术教室
单 册:
中图分类: J909.1
科图分类:
主题词: 电影史--世界 , 电视史--世界
电子资源:
ISBN: 7-5633-5168-X
000 01595oam2 2200313 45
001 060000028988
005 20051213084551.84
010    @a7-5633-5168-X@dCNY28.00
100    @a20050510d2005 ekmy0chiy0120 ea
101 0  @achi
102    @aCN@b450000
105    @aa z 001yy
200 1  @a影视艺术史@9ying shi yi shu shi@f周星,王宜文等著@Fzhou xing,wang yi wen deng zhu
210    @a桂林@c广西师范大学出版社@d2005
215    @a324页@c照片@d22cm
225 2  @a艺术教室@f傅谨主编
314    @a周星,北京师范大学艺术与传媒学院副院长、教授,博士生导师,影视戏剧研究中心副主任,艺术教育研究所所长。主要著作有:《从文学之隅到影视文化之路》、《中国影视艺术理论研究》、《美育基础》、《艺术概论》、《影视文学》、《电影概论》、《影视欣赏》等等。
314    @a傅谨,中国戏曲学院特聘教授,中国艺术研究院博士生导师,主要从事戏剧理论与批评、现当代戏剧与美学研究。倡导“国剧本位”的20世纪中国戏剧研究,关注本土戏剧传承与濒危剧种保护。出版专著《新中国戏剧史》、《草根的力量——台州戏班的田野调查与研究》、《中国戏剧艺术论》等9部,曾多次获得中国图书奖。发表论文100余篇,曾获北京市文艺评论奖一等奖、中国文联文艺评论奖理论二等奖,中国曹禺戏剧奖等多项学术奖。
320    @a有索引:第323页
330    @a本书包括电影艺术的形成时期,经典电影时期,电视艺术的早期形态,西方现代电影时期,东方民族电影的勃兴,电视艺术的蓬勃发展等内容。
461  0 @12001 @a艺术教室
606 0  @a电影史@y世界
606 0  @a电视史@y世界
690    @aJ909.1@v4
701  0 @a周星@Azhou xing@4著
701  0 @a王宜文@Awang yi wen@4著
801  0 @aCN@bCXYBOOK@c20051213
905    @a10447@dJ909.1@e119
999    @aWJ@eDF
    
    影视艺术史/周星,王宜文等著.-桂林:广西师范大学出版社,2005
    324页:照片;22cm.-(艺术教室/傅谨主编)
    
    
    ISBN 7-5633-5168-X:CNY28.00
    本书包括电影艺术的形成时期,经典电影时期,电视艺术的早期形态,西方现代电影时期,东方民族电影的勃兴,电视艺术的蓬勃发展等内容。
●
相关链接 在E读中查询图书 在五车中查询图书 在当当中查询图书 在豆瓣中查询图书


正题名:影视艺术史     索取号:J909.1/119         预约/预借

序号 登录号 条形码 馆藏地/架位号 状态 备注
1 0370611   203706114   第一样本阅览室/ [索取号:J909.1/119] 在馆    
2 0370612   203706123   第一借阅区/ [索取号:J909.1/119] 在馆    
3 0370613   203706132   第一借阅区/ [索取号:J909.1/119] 在馆    
4 0370614   203706141   第一借阅区/ [索取号:J909.1/119] 在馆    
5 0370615   203706150   第一借阅区/ [索取号:J909.1/119] 在馆    
唐山师范学院图书馆 欢迎您!
大连网信软件有限公司© 版权所有